01221cam a2200265 a 4500001000500000005001700005020001800022040007200040050002000112082001100132100001900143245011900162250004500281260003500326300005700361505000800418520032300426521002000749521002000769650004700789650003700836650002600873650001600899700004000915311120240207095212.0 a9780545480888 aDLCcDLCdIG#dBDXdIK2dYDXCPdBTCTAdPCXdFT6dXYZdVP@dDLCbeng00aQC90.A35b 201200a516.151 aAdler, David A10aPerimeter, area, and volume :ba monster book of dimensions /cby Adler, David A ; illustrated by Miller, Edward  aFirst Scholastic printing , October 2012 aNew York :bScholastic ,c2012 a30 unnumbered pages :bcolor illustrations ;c26 cm. aN  a"Grab your jumbo popcorn and 3-D glasses, because you're invited to the premiere of a 3-D movie! The star-studded cast of monsters will help you calculate the perimeter of the set, the area of the movie screen, and the volume of your popcorn box. Learning about dimensions has never been so entertaining."--Amazon.com. a590 bLexile  aN bRaz-Plus  0aWeights and measuresvJuvenile literature. 0aDimensionsvJuvenile literature. 1aWeights and measures. 1aDimensions.1 aMiller, Edwardd1964-eillustrator